[Event "Mecklenburg VP LL2 Ost 0001"]
[Site "Mecklenburg VP"]
[Date "2001.03.11"]
[Round "7.6"]
[White "Sonnenberger, Joerg"]
[Black "Steinhoefel, Frank"]
[Result "1-0"]
[WhiteElo "1682"]
[BlackElo "1579"]
[PlyCount "51"]
[EventDate "2000.10.15"]
[EventType "team-tourn"]
[EventRounds "9"]
[EventCountry "GER"]
[SourceTitle "EXT 2016"]
[Source "ChessBase"]
[SourceDate "2015.10.08"]
[SourceVersion "1"]
[SourceVersionDate "2015.10.08"]
[SourceQuality "1"]
[WhiteTeam "Rostock PSV II"]
[BlackTeam "Pasewalk"]
[WhiteTeamCountry "GER"]
[BlackTeamCountry "GER"]

1. f4 d5 2. Nf3 Bf5 3. e3 c5 4. Bb5+ Nd7 5. 0-0 a6 6. Bxd7+ Bxd7 7. b3 Nf6 8. Bb2 e6 9. d3 Be7 10. Ne5 b5 11. Nd2 Qc7 12. Ndf3 0-0 13. Ng5 h6 14. Ngf3 Bc6 15. Qe1 Nh7 16. Ng4 Bf6 17. Nxf6+ Nxf6 18. Qg3 Qe7 19. Ne5 Rac8 20. f5 Bb7 21. fxe6 Qxe6 22. Nd7 Qxd7 23. Bxf6 g6 24. Rf4 Rc6 25. Qh4 Kh7 26. Qxh6+ 1-0

[Event "Mecklenburg VP LL2 Ost 0001"]
[Site "Mecklenburg VP"]
[Date "2001.01.07"]
[Round "4.6"]
[White "Platz, Thomas"]
[Black "Sonnenberger, Joerg"]
[Result "0-1"]
[WhiteElo "1460"]
[BlackElo "1682"]
[PlyCount "54"]
[EventDate "2000.10.15"]
[EventType "team-tourn"]
[EventRounds "9"]
[EventCountry "GER"]
[SourceTitle "EXT 2016"]
[Source "ChessBase"]
[SourceDate "2015.10.08"]
[SourceVersion "1"]
[SourceVersionDate "2015.10.08"]
[SourceQuality "1"]
[WhiteTeam "Neustrelitz TSG"]
[BlackTeam "Rostock PSV II"]
[WhiteTeamCountry "GER"]
[BlackTeamCountry "GER"]

1. d4 d5 2. c4 dxc4 3. Nc3 Bf5 4. e4 Bg6 5. Bxc4 Nd7 6. Nge2 e5 7. 0-0 Ngf6 8. Bg5 Be7 9. Bxf6 Bxf6 10. a3 0-0 11. d5 Rc8 12. Rc1 Nb6 13. Ba2 c5 14. dxc6 Rxc6 15. Ng3 Bg5 16. Qxd8 Rxd8 17. Rcd1 Rdc8 18. Rd3 h5 19. Rfd1 h4 20. Nge2 Nc4 21. Bxc4 Rxc4 22. f3 a6 23. Rd7 b5 24. Rb7 R4c7 25. Rxc7 Rxc7 26. Rd6 a5 27. Rb6 Be3+ 0-1